000 00459nam a22001577a 4500
005 20150803100624.0
008 150803b xxu||||| |||| 00| 0 eng d
020 _a9789695341308
040 _cPK-LaUMT
082 _aKHC 954.919
_bZAH-B
100 _aزاھد علی واسطی،سید
245 _aبہاولپور کی سرزمین
_cسید زاھد علی واسطی
260 _aلاہور
_bبیکن ہاوس
_c2009
300 _a616 ص
942 _cBK
999 _c73503
_d73503